000
00293nam a2200121Ia 4500
005
20260328101528.0
008
260328s9999||||xx |||||||||||||| ||und||
100
_a
Wallick, Karl
245
0
_a
Inquiry :
_b
Kieran Timberlake /
_c
Karl Wallick
260
_b
Rizzoli
300
_a
255 p.
942
_c
BK
999
_c
9848
_d
9848